MARC

Tag First Indicator Second Indicator Subfields
LEADER 00000cam a2200000 a 4500
001 in00001385605
005 20151020050836.0
008 960410s1997 cauab b s001 0 eng
010 |a  96018064  
020 |a 0520204743 (cloth : alk. paper) 
020 |a 0520204751 (pbk. : alk. paper) 
035 |a (OCoLC)34640754 
035 |9 AHL6204AM 
040 |a DLC  |c DLC  |d TXA  |d UtOrBLW 
043 |a a-io--- 
049 |a TXAM 
050 0 0 |a DS632.A52  |b K43 1997 
082 0 0 |a 306/.09598/6  |2 20 
100 1 |a Keane, Webb,  |d 1955- 
245 1 0 |a Signs of recognition :  |b powers and hazards of representation in an Indonesian society /  |c Webb Keane. 
246 3 0 |a Powers and hazards of representation in an Indonesian society 
264 1 |a Berkeley :  |b University of California Press,  |c [1997] 
264 4 |c ©1997 
300 |a xxix, 297 pages :  |b illustrations, maps ;  |c 24 cm. 
336 |a text  |b txt  |2 rdacontent 
337 |a unmediated  |b n  |2 rdamedia 
338 |a volume  |b nc  |2 rdacarrier 
504 |a Includes bibliographical references and index. 
650 0 |a Anakalang (Indonesian people)  |x Rites and ceremonies. 
650 0 |a Anakalang (Indonesian people)  |x Social conditions. 
650 0 |a Anakalang (Indonesian people)  |x Psychology. 
650 0 |a Social structure  |z Indonesia  |z Sumba Island. 
650 0 |a Interpersonal relations  |z Indonesia  |z Sumba Island. 
650 0 |a Representation (Philosophy) 
650 0 |a Anakalang dialect  |x Semantics. 
650 0 |a Anakalang dialect  |x Discourse analysis. 
651 0 |a Sumba Island (Indonesia)  |x Social life and customs. 
999 |a MARS 
999 f f |s 605f1c1a-92da-37a9-a34f-d9dd7472fafc  |i a9a06fda-4cbc-30dd-afdc-0e00d319f0cb  |t 0 
952 f f |p ric  |a Texas A&M University  |b Rellis Campus  |c Joint Library Facility  |d Remote Storage  |t 0  |e DS632.A52 K43 1997  |h Library of Congress classification  |i unmediated -- volume  |m A14821543141 
998 f f |a DS632.A52 K43 1997  |t 0  |l Remote Storage